| 000 | 02692nam0a2200433 4500 | ||
|---|---|---|---|
| 001 | RU\NLR\BIBL_A\022549532 | ||
| 005 | 20260420044856.0 | ||
| 010 |
_a978-5-91797-355-5 _91000 |
||
| 021 |
_aRU _bКН-П-25-018824 _9КН-П-25-1912 |
||
| 035 | _a(NLR Aleph) 022549532 | ||
| 090 |
_a13673240 _c13673240 |
||
| 100 | _a20250523d2025 u y0rusy50 ca | ||
| 101 | 0 | _arus | |
| 102 | _aRU | ||
| 105 | _aach|j|||000yy | ||
| 181 | 0 |
_ai3 _baxxe |
|
| 182 | 0 | _an | |
| 200 | 1 |
_aНаука в битве сквозь года: от ВОВ до СВО _eучебное пособие _fВ. Е. Громов, Л. П. Бащенко, В. В. Почетуха [и др.] _gМинистерство науки и высшего образования Российской Федерации, Федеральное государственное бюджетное образовательное учреждение высшего образования "Сибирский государственный индустриальный университет", Федеральное государственное автономное образовательное учреждение высшего образования "Российский университет дружбы народов имени П. Лумумбы" |
|
| 203 |
_aТекст _bвизуальный _cнепосредственный |
||
| 205 | _aИзд. 4-е, доп. | ||
| 210 |
_aНовокузнецк _cПолиграфист _d2025 |
||
| 215 |
_a268 с. _cил., портр., факс. _d20 |
||
| 300 | _aАвт. указаны на обороте тит. с. | ||
| 313 | _aПред. изд. нет | ||
| 320 | _aБиблиогр.: с. 260-267 (112 назв.) | ||
| 606 | 1 |
_aУченые _xУчастие в Великой Отечественной войне _z1941 - 1945 _92311903 _3RU\NLR\AUTH\6601609171 |
|
| 606 | 1 |
_aТехника _xИстория _yСССР _z1941 - 1945 _92455931 _3RU\NLR\AUTH\661459798 |
|
| 686 | 1 | _aЧ213(2)722 | |
| 686 | 1 | _aЖ.г(2) | |
| 701 | 1 |
_7ca _8rus _aГромов _bВ. Е. _cд-р физ.-мат. наук _f1947- _gВиктор Евгеньевич _949118 _3RU\NLR\AUTH\7766190 |
|
| 701 | 1 |
_aБащенко _bЛ. П. _gЛюдмила Петровна |
|
| 701 | 1 |
_aПочетуха _bВ. В. _gВасилий Витальевич |
|
| 712 | 0 | 2 |
_4570 _aСибирский государственный индустриальный университет _cНовокузнецк _9579978 _3RU\NLR\AUTH\8810040439 |
| 942 | _cBOOK | ||
| 980 | _aSVO | ||
| 980 | _aNB | ||